[Event "Munich Krulich Cup"]
[Site "Munich"]
[Date "2016.11.27"]
[Round "9"]
[White "Bezold, Michael"]
[Black "Hertneck, Gerald"]
[Result "1/2-1/2"]
[WhiteElo "2547"]
[BlackElo "2478"]
[PlyCount "69"]
[EventDate "2016.11.26"]
[EventType "tourn (rapid)"]
[EventRounds "11"]
[EventCountry "GER"]
[SourceTitle "CBM 175 Extra"]
[Source "ChessBase"]
[SourceDate "2016.12.12"]
[SourceVersion "1"]
[SourceVersionDate "2016.12.12"]
[SourceQuality "1"]

1. c4 e6 2. Nf3 d5 3. g3 Nf6 4. Bg2 dxc4 5. Qa4+ Nbd7 6. Qxc4 a6 7. Qc2 c5 8. 0-0 b6 9. b3 Bb7 10. Bb2 Be7 11. d3 0-0 12. Nbd2 Rc8 13. Rac1 b5 14. Qb1 Qb6 15. Qa1 Rfd8 16. Rc2 Ne8 17. Rfc1 Bf6 18. Bxf6 Nexf6 19. Ne5 Nxe5 20. Qxe5 Bxg2 21. Kxg2 Rd5 22. Qb2 Nd7 23. Nf3 Rd8 24. b4 cxb4 25. Qxb4 Qd6 26. a3 Qxb4 27. axb4 Nb6 28. Rc7 R5d7 29. Rxd7 Rxd7 30. Rc6 Rb7 31. e4 Kf8 32. Nd2 Ke7 33. Nb3 Kd7 34. Rc2 Na4 35. d4 1/2-1/2

[Event "Munich Krulich Cup"]
[Site "Munich"]
[Date "2016.11.26"]
[Round "3"]
[White "Bezold, Michael"]
[Black "Kindermann, Stefan"]
[Result "1-0"]
[WhiteElo "2547"]
[BlackElo "2528"]
[PlyCount "141"]
[EventDate "2016.11.26"]
[EventType "tourn (rapid)"]
[EventRounds "11"]
[EventCountry "GER"]
[SourceTitle "CBM 175 Extra"]
[Source "ChessBase"]
[SourceDate "2016.12.12"]
[SourceVersion "1"]
[SourceVersionDate "2016.12.12"]
[SourceQuality "1"]

1. c4 f5 2. g3 Nf6 3. Bg2 g6 4. Nc3 Bg7 5. Nf3 0-0 6. 0-0 d6 7. d3 Nc6 8. Rb1 a5 9. a3 Nh5 10. Bd2 f4 11. b4 axb4 12. axb4 Bg4 13. Nd5 fxg3 14. hxg3 Qd7 15. b5 Nd4 16. Nxd4 Bxd4 17. Be3 Bg7 18. Qd2 Ra3 19. Rfc1 c6 20. bxc6 bxc6 21. Nb4 Rc8 22. d4 Nf6 23. d5 c5 24. Nc6 Bf5 25. Rb5 Ne4 26. Bxe4 Bxe4 27. Kh2 Rca8 28. Rb8+ Rxb8 29. Nxb8 Qg4 30. f3 Qh5+ 31. Kg2 Bd4 32. Rh1 Bxe3 33. Qb2 Bc1 34. Qxa3 Qxh1+ 35. Kxh1 Bxa3 36. fxe4 h5 37. Nc6 Kf7 38. Kg2 Kf6 39. Kf3 Bb2 40. Nb8 g5 41. Nd7+ Kg6 42. Nf8+ Kf7 43. Nd7 Be5 44. Kg2 g4 45. Kf2 Ke8 46. Nb8 Kd8 47. Nc6+ Kd7 48. Kg2 Bf6 49. Kf2 Ke8 50. Kg2 Kf7 51. Kf2 Kg6 52. Nd8 h4 53. gxh4 Bxh4+ 54. Kg2 Kf6 55. Nc6 e6 56. e5+ dxe5 57. d6 Kf5 58. d7 Ke4 59. d8Q Bxd8 60. Nxd8 Kd4 61. Nc6+ Kxc4 62. Nxe5+ Kd4 63. Nxg4 c4 64. Kf2 Ke4 65. Ke1 c3 66. Nf2+ Ke3 67. Nd3 Kd4 68. Kd1 Ke3 69. Nc1 e5 70. Kc2 Kd4 71. Na2 1-0

[Event "Munich Krulich Cup"]
[Site "Munich"]
[Date "2016.11.26"]
[Round "5"]
[White "Bezold, Michael"]
[Black "Muzychuk, Mariya"]
[Result "1-0"]
[WhiteElo "2547"]
[BlackElo "2478"]
[PlyCount "89"]
[EventDate "2016.11.26"]
[EventType "tourn (rapid)"]
[EventRounds "11"]
[EventCountry "GER"]
[SourceTitle "CBM 175 Extra"]
[Source "ChessBase"]
[SourceDate "2016.12.12"]
[SourceVersion "1"]
[SourceVersionDate "2016.12.12"]
[SourceQuality "1"]

1. c4 c5 2. g3 g6 3. Bg2 Bg7 4. Nc3 Nc6 5. d3 e6 6. Bxc6 dxc6 7. f4 Nh6 8. Nf3 Nf5 9. e3 0-0 10. Qe2 Re8 11. 0-0 Rb8 12. Bd2 b5 13. b3 b4 14. Ne4 Bxa1 15. Rxa1 Qe7 16. Ne5 Bb7 17. Ng4 Nd6 18. Ngf6+ Kg7 19. Nxe8+ Rxe8 20. Nxc5 a5 21. d4 f6 22. Bc1 Bc8 23. Bb2 Nb7 24. Ne4 Nd6 25. Nf2 Nf7 26. Rd1 Bb7 27. Ne4 Nd6 28. Nc5 Bc8 29. Qf3 Qc7 30. g4 Nf7 31. Rf1 h6 32. h4 Nd6 33. Rf2 Kf7 34. e4 Nb7 35. Nd3 c5 36. d5 exd5 37. exd5 Nd6 38. Ne5+ Kg7 39. Qd3 fxe5 40. fxe5 Kh7 41. exd6 Qd7 42. Rf4 Re1+ 43. Kf2 Qe8 44. h5 Rh1 45. Re4 1-0

[Event "Munich Krulich Cup"]
[Site "Munich"]
[Date "2016.11.26"]
[Round "6"]
[White "Derakhshani, Dorsa"]
[Black "Bezold, Michael"]
[Result "0-1"]
[WhiteElo "2036"]
[BlackElo "2547"]
[PlyCount "93"]
[EventDate "2016.11.26"]
[EventType "tourn (rapid)"]
[EventRounds "11"]
[EventCountry "GER"]
[SourceTitle "CBM 175 Extra"]
[Source "ChessBase"]
[SourceDate "2016.12.12"]
[SourceVersion "1"]
[SourceVersionDate "2016.12.12"]
[SourceQuality "1"]

1. e4 c5 2. Nf3 e6 3. d4 cxd4 4. Nxd4 a6 5. Be2 Qc7 6. Nc3 b5 7. 0-0 Bb7 8. Re1 d6 9. Bh5 g6 10. Bf3 Nd7 11. g3 Ngf6 12. Bg2 Be7 13. Bh6 Rc8 14. a3 Qb8 15. Nb3 Ne5 16. h3 Nc4 17. Qc1 Qc7 18. Nd2 Nb6 19. Nf3 Nfd7 20. Bg7 Rg8 21. Qh6 Bf8 22. Bxf8 Nxf8 23. Rad1 Qe7 24. Nd5 Bxd5 25. exd5 e5 26. Nd4 Rc5 27. Nc6 Qf6 28. c3 Nfd7 29. Qe3 g5 30. Kh2 Kf8 31. b4 Rc4 32. Bf1 Nxd5 33. Qa7 Rxc6 34. Qa8+ Ke7 35. Qxc6 N5b6 36. Bg2 Rc8 37. Qe4 Rxc3 38. Re3 Rc4 39. Qxh7 Nf8 40. Qh5 Ne6 41. Rf3 Qg7 42. Rfd3 Nd4 43. Bb7 Qf6 44. R1d2 Rc1 45. Re3 Nc4 46. Rxd4 Qxf2+ 47. Bg2 0-1

[Event "AUT-chT 1516"]
[Site "Austria"]
[Date "2016.04.02"]
[Round "11.6"]
[White "Lentrodt, Thomas"]
[Black "Bezold, Michael"]
[Result "1/2-1/2"]
[WhiteElo "2255"]
[BlackElo "2509"]
[PlyCount "64"]
[EventDate "2015.11.05"]
[EventType "team-tourn"]
[EventRounds "11"]
[EventCountry "AUT"]
[SourceTitle "EXT 2017"]
[Source "ChessBase"]
[SourceDate "2016.10.25"]
[SourceVersion "1"]
[SourceVersionDate "2016.10.25"]
[SourceQuality "1"]
[WhiteTeam "Grieskirchen/Schallerbach"]
[BlackTeam "Hohenems"]
[WhiteTeamCountry "AUT"]
[BlackTeamCountry "AUT"]

1. d4 g6 2. g3 Bg7 3. Bg2 c5 4. dxc5 Na6 5. Nf3 Nxc5 6. 0-0 Nf6 7. c4 0-0 8. Nc3 Nfe4 9. Nxe4 Nxe4 10. Qc2 Nc5 11. Be3 d6 12. Nd4 Bd7 13. Qd2 a5 14. b3 Qb6 15. Rac1 Rfc8 16. Rfd1 Rab8 17. Qe1 Qa6 18. Qd2 Qb6 19. Qe1 Be8 20. Qd2 Bf6 21. Bh3 Rd8 22. Bg2 Rdc8 23. Bh3 Rd8 24. Bg2 Bd7 25. Kf1 Rbc8 26. Kg1 Bg7 27. Qe1 Qa6 28. Kf1 Ne6 29. Bd5 Nxd4 30. Bxd4 b5 31. Bxg7 Kxg7 32. Qc3+ f6 1/2-1/2

[Event "Bundesliga 1516"]
[Site "Germany"]
[Date "2015.12.12"]
[Round "3.8"]
[White "Bezold, Michael"]
[Black "Olszewski, Michal"]
[Result "1/2-1/2"]
[WhiteElo "2509"]
[BlackElo "2548"]
[PlyCount "32"]
[EventDate "2015.09.18"]
[EventType "team-tourn"]
[EventRounds "15"]
[EventCountry "GER"]
[SourceTitle "CBM 170"]
[Source "ChessBase"]
[SourceDate "2016.01.15"]
[SourceVersion "1"]
[SourceVersionDate "2016.01.15"]
[SourceQuality "1"]
[WhiteTeam "Bayern Muenchen"]
[BlackTeam "Norderstedt"]
[WhiteTeamCountry "GER"]
[BlackTeamCountry "GER"]

1. Nf3 Nf6 2. g3 g6 3. b3 Bg7 4. Bb2 d6 5. d4 c5 6. Bg2 cxd4 7. Nxd4 Qa5+ 8. Qd2 Qh5 9. c4 0-0 10. Nc3 Nbd7 11. h3 Rb8 12. Rd1 a6 13. Bf3 Qc5 14. Bg2 Qh5 15. Bf3 Qc5 16. Bg2 Qh5 1/2-1/2